000 00786nam a2200253Ia 4500
003 OSt
005 20220918171419.0
006 a|||||r|||| 00| 0
007 ta
008 220917b |||||||| |||| 00| 0 eng d
020 _a9781781681725 (pbk)
_c1693.73
024 _a283,765
037 _b42743, 22/12/2014, Segment Book Distributors
_cTextual
040 _aARTS
_cARTS
_beng
041 _2eng
_aeng
082 _aR85:g, Q4
100 _aFeenberg Andrew
_936442
245 0 _aPhilosophy of praxis
_b Marx, lukacs, and the frankfurt school
260 _aLondon
_bVerso UK
_c2014
300 _axvi,253p.
_ccm.
650 _aPHILOSOPHY
942 _hR85:g, Q4
_cTEXL
_2CC
999 _c139484
_d139484